| 000 | 00598nam a2200205Ia 4500 | ||
|---|---|---|---|
| 003 | GCL | ||
| 008 | 140319s9999 xx 000 0 eng d | ||
| 040 |
_aGCL / _cGCL |
||
| 082 | 0 | 4 |
_a320.509 _bB P |
| 100 | 1 | _aBALL, TERENCE | |
| 245 | 1 | 0 |
_aPOLITICAL IDEOLOGIES AND THE DEMO CRATIC IDEAL / _cBALL, TERENCE |
| 700 | 1 | _aDAGGER, RICHARD | |
| 260 |
_a[S.N] : _bHARPER COLLINS COLLEGE PUBLISBERS ، _c1995 |
||
| 300 | _a285 P | ||
| 650 | 0 | 4 | _aPOLITICAL - SCIENCE - HISTORY |
| 650 | 0 | 4 | _aDEMOCRACY - HISTORY |
| 650 | 0 | 4 | _aRIGHT AND LEFT - HISTORY |
| 650 | 0 | 4 | _aIDEOLOGY - HISTORY |
| 942 |
_2ddc _cBK |
||
| 999 |
_c12972 _d12972 |
||